Debates recientes en la teoría de la historiografía alemana /
Compendio que reúne una serie de reflexiones y discusiones historiográficas de varios de los pensadores alemanes más importantes del siglo XX. Con sus respectivos textos, Jörn Rüsen, Wolfgang J. Mommsen, Helmut Fleischer, Günther Patzig, Hans Michael Baumgartner, Christian Meier, Siegfried J. Schmid...
Gespeichert in:
| 1. Verfasser: | |
|---|---|
| Weitere Verfasser: | |
| Format: | Buch |
| Sprache: | Spanisch |
| Veröffentlicht: |
México :
UAM Azcapotzalco,
1992, c1992
|
| Schriftenreihe: | (Biblioteca de Ciencias Sociales y Humanidades. Historia Historiografía)
|
| Schlagworte: | |
| Tags: |
Keine Tags, Fügen Sie das erste Tag hinzu!
|
MARC
| LEADER | 00000nam^a2200000^a^4500 | ||
|---|---|---|---|
| 001 | 000120094 | ||
| 005 | 20250521000000.0 | ||
| 009 | 20260310094340.936 | ||
| 020 | |a 970-654-373-2 | ||
| 037 | |a Acervo ITESO - Biblioteca | ||
| 041 | |a ESP | ||
| 082 | |a 907. 2 |b PAP | ||
| 100 | |a Pappe, Silvia |e (coord.) | ||
| 245 | 1 | 0 | |a Debates recientes en la teoría de la historiografía alemana / |c Coord. e introd. de S. Pappe ; colaboración de G. Zermeño Padilla ; tr. por Kermit McPherson. |
| 264 | 4 | |a México : |b UAM Azcapotzalco, |c 1992, c1992 | |
| 300 | |a 503 p. | ||
| 336 | |a texto |b txt |2 rdacontenido | ||
| 337 | |a sin mediación |b n |2 rdamedio | ||
| 338 | |a volumen |b nc |2 rdasoporte | ||
| 440 | 1 | |a (Biblioteca de Ciencias Sociales y Humanidades. |p Historia Historiografía) | |
| 520 | |a Compendio que reúne una serie de reflexiones y discusiones historiográficas de varios de los pensadores alemanes más importantes del siglo XX. Con sus respectivos textos, Jörn Rüsen, Wolfgang J. Mommsen, Helmut Fleischer, Günther Patzig, Hans Michael Baumgartner, Christian Meier, Siegfried J. Schmidt, Gebhard Rusch, Niklas Luhmann y Karlheinz Stierle participan de un debate que parte de tres problemas: el lugar de la teoría y el carácter específico de sus objetos de estudio; el lugar del historiador y el compromiso que representa su trabajo frente a los problemas e intereses y el lugar de la historiografía y su función en la sociedad. | ||
| 649 | |a XX | ||
| 650 | |a Historiografía | ||
| 650 | |a Historia - |x Teoría | ||
| 650 | |a Objetividad y Subjetividad en la Ciencia | ||
| 650 | |a Teoría de Sistemas | ||
| 650 | |a Memoria Social | ||
| 650 | |a Narración (Retórica) | ||
| 650 | |a Modernidad y Posmodernidad | ||
| 650 | |a Filosofía del Siglo XX | ||
| 700 | |a Zermeño Padilla, Guillermo |e (colaboración) | ||
| 910 | |a Fondo General | ||
| 920 | |a Impresos - Libros | ||
| 930 | |a Colección General | ||
| 905 | |a 101 | ||
| 901 | |a 0500054791 |b IT1 |c ACC |u 20250521 | ||
| 902 | |a https://opac.biblio.iteso.mx/vufind/Record/000120094 | ||